000 00795nam a2200253Ia 4500
003 OSt
005 20220918170918.0
006 a|||||r|||| 00| 0
007 ta
008 220917b |||||||| |||| 00| 0 eng d
020 _a9780815382904 (pbk)
_cUKP 47.99
024 _a352,186
037 _b237, 06/03/2020, Classic Book Service
_cTextual
040 _aARTS
_cARTS
_beng
041 _2eng
_aeng
082 _aS8, R0
100 _aVallacher Robin R. Au.
_932233
245 0 _aSocial psychology
_b exploring the dynamics of human experience
260 _aNew York
_bRoutledge USA
_c2020
300 _axviii,499p.
_ccm.
650 _aSOCIAL PSYCHOLOGY
942 _hS8, R0
_cTEXL
_2CC
999 _c136641
_d136641